مكتبة جامعة عجلون الوطنية

فهرس بحث المكتبة

Normal view MARC view
  • الثورات -- البلاد العربية -- تاريخ -- قرن 21 - الربيع العربي ،2010 - الديمقراطية -- البلاد العربية -- قرن 21 -- البلاد العربية -- سياسة وحكومة -- قرن 21

Entry Topical Term

Number of records used in: 1

001 - CONTROL NUMBER

  • control field: 49829

003 - CONTROL NUMBER IDENTIFIER

  • control field: JO-AjAnu

005 - DATE AND TIME OF LATEST TRANSACTION

  • control field: 20230606082216.0

008 - FIXED-LENGTH DATA ELEMENTS

  • fixed length control field: 230606|| aca||aabn | a|a d

040 ## - CATALOGING SOURCE

  • Original cataloging agency: JO-AjAnu
  • Transcribing agency: JO-AjAnu

150 ## - HEADING--TOPICAL TERM

  • Topical term or geographic name entry element: الثورات -- البلاد العربية -- تاريخ -- قرن 21 - الربيع العربي ،2010 - الديمقراطية -- البلاد العربية -- قرن 21 -- البلاد العربية -- سياسة وحكومة -- قرن 21

670 ## - SOURCE DATA FOUND

  • Source citation: Work cat.: (JO-AjAnu)25479: المديني ، توفيق وآخرون ، تحرير بلقزيز ،عبدالإله, author 49828, الربيع العربي .. إلى أين ؟ : أفق جديد للتغيير الديمقراطي